000 01128nam a2200253 a 4500
001 000043266
005 20250909091242.0
008 140303s2010 sp 000 0 spa d
020 _a9788483471197
040 _aDO-SdBNP
_bspia
_cBNPHU
100 1 _aRubio, José Luis.
_970881
245 1 0 _aJosé Luis Rubio Cordón /
_cJosé Luis Rubio ; edición, selección e introducción por Juan Maestre Alfonso.
260 _aMadrid :
_bAgencia Española de Cooperación Internacional,
_c2010.
300 _a186 p. ;
_c24 cm.
490 1 _aAntología del pensamiento político, social y económico de América latina ;
_v13
490 1 _aCiencias y humanismo
504 _aIncluye referencias bibliográficas y notas al pie de las páginas
504 _aBibliografía : p. 185-186
500 _aIncluye datos biográficos de los editores en al solapa de la cubierta
700 1 _aMaestre Alfonso, Juan
_eed.
_967763
710 2 _aAgencia Española de Cooperación Internacional
_934585
830 0 _aAntología del pensamiento político, social y económico de América Latina
_v13
_970880
830 0 _aCiencias y humanismo
_970218
999 _c42755
_d42755